| 000 | 00424 a2200157 4500 | ||
|---|---|---|---|
| 999 |
_c198 _d198 |
||
| 008 | 220308b ||||| |||| 00| 0 eng d | ||
| 020 | _a9781408131428 | ||
| 100 | _aAlderton, Patrick M. | ||
| 245 | _aReeds sea transport operations an economics | ||
| 250 | _a6th ed. | ||
| 260 |
_bBloomsbury Publishing, _c2011. _aLondon: |
||
| 300 | _a324p. | ||
| 650 | 0 | _aShipping | |
| 700 |
_92425 _aAlderton, Patrick M. |
||
| 942 |
_2ddc _cBK |
||